[Event "ODJM C 2023"]
[Site "Willingen GER"]
[Date "2023.06.02"]
[Round "8"]
[White "Weinberger, Maxim"]
[Black "Ensslen, Jakob"]
[Result "0-1"]
[Termination "normal"]
[Board "7"]
[WhiteElo "1310"]
[BlackElo "1298"]
[WhiteClock "01:11:12"]
[BlackClock "00:17:36"]
[PlyCount "136"]
[WhiteFideId "16290330"]
[BlackFideId "34640258"]
[EventCountry "GER"]
[EventRounds "9"]
[EventType "swiss"]
[EventDate "2023.05.27"]

1. e4 {[%clk 01:30:59]} {[%emt 00:00:02]} e5 {[%clk 01:30:50]} {[%emt
00:00:10]} 2. Nc3 {[%clk 01:31:19]} {[%emt 00:00:10]} Nf6 {[%clk 01:31:14]}
{[%emt 00:00:06]} 3. f4 {[%clk 01:31:21]} {[%emt 00:00:27]} d5 {[%clk
01:31:28]} {[%emt 00:00:16]} 4. fxe5 {[%clk 01:31:13]} {[%emt 00:00:39]} Nxe4
{[%clk 01:31:44]} {[%emt 00:00:13]} 5. Qf3 {[%clk 01:31:10]} {[%emt 00:00:34]}
Nxc3 {[%clk 01:29:19]} {[%emt 00:02:54]} 6. bxc3 {[%clk 01:29:58]} {[%emt
00:01:44]} d4 {[%clk 01:28:41]} {[%emt 00:01:07]} 7. Bc4 {[%clk 01:29:35]}
{[%emt 00:00:53]} Qe7 {[%clk 01:15:47]} {[%emt 00:13:25]} 8. cxd4 {[%clk
01:26:46]} {[%emt 00:03:19]} Nc6 {[%clk 01:11:33]} {[%emt 00:04:43]} 9. c3
{[%clk 01:23:30]} {[%emt 00:03:46]} f6 {[%clk 01:10:51]} {[%emt 00:01:12]} 10.
Bd5 {[%clk 01:21:41]} {[%emt 00:02:19]} Bd7 {[%clk 01:07:05]} {[%emt 00:04:14]}
11. Qe2 {[%clk 01:17:40]} {[%emt 00:04:33]} O-O-O {[%clk 01:05:42]} {[%emt
00:01:53]} 12. e6 {[%clk 01:15:17]} {[%emt 00:02:53]} Re8 {[%clk 00:59:25]}
{[%emt 00:06:46]} 13. Bc4 {[%clk 01:09:37]} {[%emt 00:06:10]} Nd8 {[%clk
00:55:47]} {[%emt 00:04:09]} 14. d5 {[%clk 01:07:40]} {[%emt 00:02:27]} c6
{[%clk 00:54:03]} {[%emt 00:02:14]} 15. Nf3 {[%clk 01:01:54]} {[%emt 00:06:16]}
cxd5 {[%clk 00:49:47]} {[%emt 00:04:46]} 16. Bxd5 {[%clk 01:01:55]} {[%emt
00:00:29]} Bxe6 {[%clk 00:48:03]} {[%emt 00:02:12]} 17. Qc4+ {[%clk 01:02:09]}
{[%emt 00:00:18]} Kb8 {[%clk 00:45:42]} {[%emt 00:02:51]} 18. Qf4+ {[%clk
01:00:40]} {[%emt 00:01:58]} Ka8 {[%clk 00:43:37]} {[%emt 00:02:36]} 19. Bxe6
{[%clk 00:59:35]} {[%emt 00:01:36]} Qxe6+ {[%clk 00:41:18]} {[%emt 00:02:48]}
20. Kd1 {[%clk 00:59:55]} {[%emt 00:00:10]} Qe2+ {[%clk 00:30:48]} {[%emt
00:10:59]} 21. Kc2 {[%clk 01:00:14]} {[%emt 00:00:11]} Qxg2 {[%clk 00:29:28]}
{[%emt 00:01:51]} 22. Rg1 {[%clk 00:59:46]} {[%emt 00:00:57]} Qe2 {[%clk
00:29:19]} {[%emt 00:00:39]} 23. Re1 {[%emt 00:00:17]} Qb5 {[%clk 00:22:11]}
{[%emt 00:07:37]} 24. Rb1 {[%clk 01:00:08]} {[%emt 00:00:23]} Qd7 {[%clk
00:18:41]} {[%emt 00:04:00]} 25. Rxe8 {[%clk 00:59:57]} {[%emt 00:00:41]} Qxe8
{[%clk 00:17:47]} {[%emt 00:01:23]} 26. Qc4 {[%clk 00:59:26]} {[%emt 00:01:01]}
Bd6 {[%clk 00:15:08]} {[%emt 00:03:09]} 27. Ba3 {[%clk 00:59:13]} {[%emt
00:00:44]} Bb8 {[%clk 00:10:33]} {[%emt 00:05:05]} 28. Nd4 {[%clk 00:55:30]}
{[%emt 00:04:12]} Nc6 {[%clk 00:07:17]} {[%emt 00:03:47]} 29. Nf5 {[%clk
00:54:34]} {[%emt 00:01:25]} Qd7 {[%emt 00:11:42]} 30. Ne3 {[%clk 00:46:10]}
Rd8 {[%clk 00:04:54]} {[%emt 00:00:35]} 31. Rd1 {[%clk 00:43:56]} {[%emt
00:02:44]} Ne5 {[%clk 00:05:05]} {[%emt 00:00:19]} 32. Qb3 {[%clk 00:40:23]}
{[%emt 00:04:04]} Qd3+ {[%clk 00:04:43]} {[%emt 00:00:51]} 33. Kb2 {[%emt
00:01:12]} Qd7 {[%clk 00:04:24]} {[%emt 00:00:48]} 34. d4 {[%clk 00:39:23]}
{[%emt 00:00:51]} Nf7 {[%emt 00:02:25]} 35. Nf5 {[%clk 00:38:36]} Qxf5 {[%clk
00:03:33]} {[%emt 00:00:42]} 36. Qxf7 {[%clk 00:38:54]} {[%emt 00:00:12]} Rd7
{[%clk 00:03:36]} {[%emt 00:00:27]} 37. Qb3 {[%clk 00:37:35]} {[%emt 00:01:49]}
Qf2+ {[%clk 00:03:41]} {[%emt 00:00:25]} 38. Qc2 {[%clk 00:37:56]} {[%emt
00:00:09]} Qxc2+ {[%clk 00:04:01]} {[%emt 00:00:10]} 39. Kxc2 {[%clk 00:38:21]}
{[%emt 00:00:05]} Bxh2 {[%clk 00:04:17]} {[%emt 00:00:13]} 40. Rh1 {[%clk
00:38:45]} {[%emt 00:00:06]} Bf4 {[%clk 00:03:26]} {[%emt 00:01:21]} 41. Rxh7
{[%clk 00:39:11]} {[%emt 00:00:04]} b6 {[%clk 00:03:22]} {[%emt 00:00:35]} 42.
Bc1 {[%clk 00:38:50]} {[%emt 00:00:51]} Bxc1 {[%clk 00:01:37]} {[%emt
00:02:14]} 43. Kxc1 {[%clk 00:39:16]} {[%emt 00:00:05]} Kb7 {[%clk 00:00:47]}
{[%emt 00:01:20]} 44. Kd2 {[%clk 00:39:36]} {[%emt 00:00:10]} Re7 {[%clk
00:00:41]} {[%emt 00:00:36]} 45. Kd3 {[%clk 00:39:53]} {[%emt 00:00:12]} f5
{[%clk 00:29:32]} {[%emt 00:01:39]} 46. d5 {[%clk 01:10:12]} {[%emt 00:00:12]}
f4 {[%clk 00:29:16]} {[%emt 00:00:46]} 47. d6 {[%clk 01:08:41]} {[%emt
00:02:01]} Rf7 {[%clk 00:26:42]} {[%emt 00:03:04]} 48. Ke2 {[%clk 01:08:53]}
{[%emt 00:00:17]} Kc6 {[%clk 00:26:55]} {[%emt 00:00:17]} 49. Kf3 {[%clk
01:07:46]} {[%emt 00:01:37]} Kxd6 {[%clk 00:27:11]} {[%emt 00:00:15]} 50. Rh5
{[%clk 01:08:02]} {[%emt 00:00:13]} Ke6 {[%clk 00:25:15]} {[%emt 00:02:26]} 51.
a4 {[%clk 01:08:11]} {[%emt 00:00:22]} Rf5 {[%clk 00:25:05]} {[%emt 00:00:39]}
52. Rh8 {[%clk 01:07:36]} {[%emt 00:01:06]} g5 {[%clk 00:22:42]} {[%emt
00:02:52]} 53. Re8+ {[%clk 01:07:58]} {[%emt 00:00:08]} Kd5 {[%clk 00:21:03]}
{[%emt 00:02:10]} 54. Rd8+ {[%clk 01:07:58]} {[%emt 00:00:30]} Kc4 {[%clk
00:21:13]} {[%emt 00:00:20]} 55. Kg4 {[%clk 01:08:07]} {[%emt 00:00:21]} Ra5
{[%clk 00:19:38]} {[%emt 00:02:02]} 56. Rd4+ {[%clk 01:08:03]} {[%emt
00:00:36]} Kxc3 {[%clk 00:19:49]} {[%emt 00:00:19]} 57. Rd7 {[%clk 01:07:53]}
{[%emt 00:00:40]} Rxa4 {[%clk 00:17:34]} {[%emt 00:02:45]} 58. Kxg5 {[%clk
01:08:16]} {[%emt 00:00:07]} Kb3 {[%clk 00:17:36]} {[%emt 00:00:28]} 59. Kg4
{[%clk 01:08:20]} {[%emt 00:00:27]} a5 {[%clk 00:16:18]} {[%emt 00:01:47]} 60.
Rd3+ {[%clk 01:08:45]} {[%emt 00:00:05]} Kc2 {[%clk 00:15:32]} {[%emt
00:01:16]} 61. Rd6 {[%clk 01:09:00]} {[%emt 00:00:15]} Rb4 {[%clk 00:15:48]}
{[%emt 00:00:15]} 62. Rc6+ {[%clk 01:09:03]} {[%emt 00:00:27]} Kb3 {[%clk
00:15:48]} {[%emt 00:00:30]} 63. Kf3 {[%clk 01:09:24]} {[%emt 00:00:09]} a4
{[%clk 00:15:54]} {[%emt 00:00:24]} 64. Rc1 {[%clk 01:09:48]} {[%emt 00:00:05]}
a3 {[%clk 00:16:05]} {[%emt 00:00:19]} 65. Rb1+ {[%clk 01:10:03]} {[%emt
00:00:15]} Ka4 {[%clk 00:16:27]} {[%emt 00:00:08]} 66. Rxb4+ {[%clk 01:10:21]}
{[%emt 00:00:12]} Kxb4 {[%clk 00:16:50]} {[%emt 00:00:06]} 67. Kxf4 {[%clk
01:10:48]} {[%emt 00:00:04]} a2 {[%clk 00:17:15]} {[%emt 00:00:06]} 68. Ke4
{[%clk 01:11:12]} {[%emt 00:00:05]} a1=Q {[%clk 00:17:36]} {[%emt 00:00:09]}
0-1

[Event "ODJM C 2023"]
[Site "Willingen GER"]
[Date "2023.06.02"]
[Round "8"]
[White "Franke, Leonhard"]
[Black "Gyácsok, Dzvinka"]
[Result "1-0"]
[Termination "normal"]
[Board "9"]
[WhiteElo "1348"]
[BlackElo "1208"]
[WhiteClock "00:39:01"]
[BlackClock "00:17:41"]
[PlyCount "81"]
[WhiteFideId "34644806"]
[BlackFideId "16298292"]
[EventCountry "GER"]
[EventRounds "9"]
[EventType "swiss"]
[EventDate "2023.05.27"]

1. e4 {[%clk 01:30:59]} e5 {[%clk 01:30:54]} {[%emt 00:00:06]} 2. Nf3 {[%clk
01:31:16]} {[%emt 00:00:13]} Nc6 {[%clk 01:31:17]} {[%emt 00:00:07]} 3. Bc4
{[%clk 01:31:33]} {[%emt 00:00:14]} Bc5 {[%clk 01:31:22]} {[%emt 00:00:24]} 4.
c3 {[%clk 01:31:11]} {[%emt 00:00:52]} Nf6 {[%clk 01:31:33]} {[%emt 00:00:19]}
5. d4 {[%clk 01:31:02]} {[%emt 00:00:39]} exd4 {[%clk 01:31:43]} {[%emt
00:00:19]} 6. cxd4 {[%clk 01:31:27]} {[%emt 00:00:05]} Bb4+ {[%clk 01:31:52]}
{[%emt 00:00:21]} 7. Bd2 {[%clk 01:31:28]} {[%emt 00:00:29]} Nxe4 {[%clk
01:31:01]} {[%emt 00:01:21]} 8. Bxb4 {[%clk 01:30:31]} {[%emt 00:01:27]} Nxb4
{[%clk 01:31:08]} {[%emt 00:00:23]} 9. Qb3 {[%clk 01:30:49]} {[%emt 00:00:13]}
d5 {[%clk 01:27:09]} {[%emt 00:04:28]} 10. Qxb4 {[%clk 01:28:43]} {[%emt
00:02:36]} dxc4 {[%clk 01:25:36]} {[%emt 00:02:04]} 11. Qxc4 {[%clk 01:28:23]}
{[%emt 00:00:50]} O-O {[%clk 01:24:28]} {[%emt 00:01:37]} 12. O-O {[%clk
01:28:40]} {[%emt 00:00:13]} Be6 {[%clk 01:20:19]} {[%emt 00:04:38]} 13. Qb4
{[%clk 01:26:18]} {[%emt 00:02:54]} b6 {[%clk 01:15:39]} {[%emt 00:05:09]} 14.
Re1 {[%clk 01:23:03]} {[%emt 00:03:45]} Nf6 {[%clk 01:12:07]} {[%emt 00:04:02]}
15. Nc3 {[%clk 01:20:41]} {[%emt 00:02:51]} Qd7 {[%clk 01:05:46]} {[%emt
00:06:50]} 16. Ne5 {[%clk 01:14:33]} {[%emt 00:06:39]} Qd8 {[%clk 00:59:48]}
{[%emt 00:06:29]} 17. Nd3 {[%clk 01:07:34]} {[%emt 00:07:29]} Nd5 {[%clk
00:55:21]} {[%emt 00:04:57]} 18. Nxd5 {[%clk 01:07:20]} {[%emt 00:00:44]} Bxd5
{[%clk 00:55:17]} {[%emt 00:00:33]} 19. Nf4 {[%clk 01:06:24]} {[%emt 00:01:26]}
Bb7 {[%clk 00:54:26]} {[%emt 00:01:20]} 20. Rad1 {[%clk 01:06:04]} {[%emt
00:00:52]} Qg5 {[%clk 00:51:01]} {[%emt 00:03:52]} 21. d5 {[%clk 01:04:24]}
{[%emt 00:02:13]} Qg4 {[%clk 00:46:22]} {[%emt 00:05:08]} 22. f3 {[%clk
00:58:13]} {[%emt 00:06:43]} a5 {[%clk 00:43:10]} {[%emt 00:03:40]} 23. Qxf8+
{[%clk 00:57:27]} {[%emt 00:01:16]} Kxf8 {[%clk 00:42:29]} {[%emt 00:01:11]}
24. fxg4 {[%clk 00:57:52]} {[%emt 00:00:05]} Rd8 {[%clk 00:41:44]} {[%emt
00:01:15]} 25. h4 {[%clk 00:56:45]} {[%emt 00:01:38]} Rd6 {[%clk 00:39:34]}
{[%emt 00:02:39]} 26. g5 {[%clk 00:56:45]} {[%emt 00:00:31]} g6 {[%clk
00:36:10]} {[%emt 00:03:54]} 27. g4 {[%clk 00:54:19]} {[%emt 00:02:56]} Bc8
{[%clk 00:33:07]} {[%emt 00:03:33]} 28. Re4 {[%clk 00:52:21]} {[%emt 00:02:28]}
h6 {[%clk 00:26:50]} {[%emt 00:06:46]} 29. gxh6 {[%clk 00:48:37]} {[%emt
00:04:15]} Bxg4 {[%clk 00:25:52]} {[%emt 00:01:28]} 30. Rde1 {[%clk 00:41:53]}
{[%emt 00:07:14]} Bd7 {[%clk 00:22:26]} {[%emt 00:03:56]} 31. Re8+ {[%clk
00:41:25]} {[%emt 00:00:57]} Bxe8 {[%clk 00:22:35]} {[%emt 00:00:20]} 32. Rxe8+
{[%clk 00:41:52]} {[%emt 00:00:04]} Kxe8 {[%clk 00:22:57]} {[%emt 00:00:08]}
33. h7 {[%clk 00:42:18]} {[%emt 00:00:04]} Rf6 {[%clk 00:22:03]} {[%emt
00:01:23]} 34. h8=Q+ {[%clk 00:42:30]} {[%emt 00:00:19]} Ke7 {[%clk 00:22:04]}
{[%emt 00:00:29]} 35. h5 {[%clk 00:40:02]} {[%emt 00:02:58]} Rd6 {[%clk
00:18:48]} {[%emt 00:03:44]} 36. Qe5+ {[%clk 00:38:15]} {[%emt 00:02:19]} Kf8
{[%clk 00:18:42]} {[%emt 00:00:35]} 37. h6 {[%clk 00:38:28]} {[%emt 00:00:20]}
g5 {[%clk 00:18:37]} {[%emt 00:00:34]} 38. Qxg5 {[%clk 00:38:15]} {[%emt
00:00:42]} f6 {[%clk 00:17:16]} {[%emt 00:01:51]} 39. Qg7+ {[%clk 00:38:18]}
{[%emt 00:00:27]} Ke8 {[%clk 00:17:26]} {[%emt 00:00:21]} 40. h7 {[%clk
00:38:42]} {[%emt 00:00:06]} Rd7 {[%clk 00:17:41]} {[%emt 00:00:14]} 41. h8=Q#
{[%clk 00:39:01]} {[%emt 00:00:12]} 1-0

[Event "ODJM C 2023"]
[Site "Willingen GER"]
[Date "2023.06.02"]
[Round "8"]
[White "Börner, Eric"]
[Black "Fischermann, Charlotte"]
[Result "1-0"]
[Termination "normal"]
[Board "10"]
[WhiteElo "1287"]
[BlackElo "1303"]
[WhiteClock "00:19:34"]
[BlackClock "00:56:54"]
[PlyCount "142"]
[WhiteFideId "34608362"]
[BlackFideId "34619690"]
[EventCountry "GER"]
[EventRounds "9"]
[EventType "swiss"]
[EventDate "2023.05.27"]

1. e4 {[%clk 01:30:55]} {[%emt 00:00:04]} e5 {[%clk 01:30:54]} {[%emt
00:00:06]} 2. Nc3 {[%clk 01:30:29]} {[%emt 00:00:56]} Nc6 {[%clk 01:31:02]}
{[%emt 00:00:23]} 3. f4 {[%clk 01:29:38]} {[%emt 00:01:20]} exf4 {[%clk
01:30:36]} {[%emt 00:00:57]} 4. Nf3 {[%clk 01:29:25]} {[%emt 00:00:41]} Nf6
{[%clk 01:29:20]} {[%emt 00:01:48]} 5. Bc4 {[%clk 01:28:57]} {[%emt 00:00:57]}
Bc5 {[%clk 01:29:12]} {[%emt 00:00:39]} 6. d3 {[%clk 01:28:30]} {[%emt
00:00:56]} d6 {[%clk 01:28:57]} {[%emt 00:00:46]} 7. Bxf4 {[%clk 01:28:20]}
{[%emt 00:00:39]} Be6 {[%clk 01:28:56]} {[%emt 00:00:31]} 8. Bb3 {[%clk
01:26:20]} {[%emt 00:02:30]} h6 {[%clk 01:28:34]} {[%emt 00:00:52]} 9. Qe2
{[%clk 01:24:24]} {[%emt 00:02:25]} Nd4 {[%clk 01:26:33]} {[%emt 00:02:32]} 10.
Nxd4 {[%clk 01:22:50]} {[%emt 00:02:05]} Bxd4 {[%clk 01:26:38]} {[%emt
00:00:25]} 11. Be3 {[%clk 01:20:03]} {[%emt 00:03:17]} Bxe3 {[%clk 01:23:03]}
{[%emt 00:04:04]} 12. Qxe3 {[%clk 01:20:25]} {[%emt 00:00:08]} Qe7 {[%clk
01:18:48]} {[%emt 00:04:46]} 13. O-O {[%clk 01:19:51]} {[%emt 00:01:03]} c6
{[%clk 01:14:09]} {[%emt 00:05:10]} 14. Qg3 {[%clk 01:13:33]} {[%emt 00:06:47]}
g6 {[%clk 01:10:38]} {[%emt 00:04:02]} 15. Bxe6 {[%clk 01:09:23]} {[%emt
00:04:40]} Qxe6 {[%clk 01:10:04]} {[%emt 00:01:04]} 16. Rf3 {[%clk 00:57:56]}
{[%emt 00:11:57]} O-O {[%clk 01:04:48]} {[%emt 00:05:47]} 17. Raf1 {[%clk
00:57:59]} {[%emt 00:00:24]} Nd7 {[%clk 01:04:06]} {[%emt 00:01:14]} 18. Qf4
{[%clk 00:48:24]} {[%emt 00:10:04]} Kg7 {[%clk 01:01:56]} {[%emt 00:02:41]} 19.
Rh3 {[%clk 00:48:05]} {[%emt 00:00:49]} g5 {[%clk 01:00:45]} {[%emt 00:01:41]}
20. Qg3 {[%clk 00:43:30]} {[%emt 00:05:06]} Qe5 {[%clk 00:57:47]} {[%emt
00:03:27]} 21. Ne2 {[%clk 00:34:44]} {[%emt 00:09:17]} Qxg3 {[%clk 00:56:56]}
{[%emt 00:01:20]} 22. Nxg3 {[%clk 00:35:00]} {[%emt 00:00:13]} Kg6 {[%clk
00:56:32]} {[%emt 00:00:55]} 23. Nf5 {[%clk 00:35:23]} {[%emt 00:00:07]} h5
{[%clk 00:56:09]} {[%emt 00:00:53]} 24. Nxd6 {[%clk 00:33:51]} {[%emt
00:02:03]} g4 {[%clk 00:55:37]} {[%emt 00:01:02]} 25. Rg3 {[%clk 00:34:18]}
{[%emt 00:00:03]} b6 {[%clk 00:55:53]} {[%emt 00:00:14]} 26. h3 {[%clk
00:34:42]} {[%emt 00:00:05]} Nf6 {[%clk 00:54:27]} {[%emt 00:01:55]} 27. e5
{[%clk 00:34:33]} {[%emt 00:00:40]} Nd5 {[%clk 00:54:01]} {[%emt 00:00:56]} 28.
a3 {[%clk 00:32:19]} {[%emt 00:02:45]} f5 {[%clk 00:53:32]} {[%emt 00:00:59]}
29. exf6 {[%clk 00:28:45]} {[%emt 00:04:03]} Rxf6 {[%clk 00:53:43]} {[%emt
00:00:19]} 30. Rxf6+ {[%clk 00:29:07]} {[%emt 00:00:08]} Nxf6 {[%clk 00:54:07]}
{[%emt 00:00:07]} 31. Re3 {[%clk 00:22:11]} {[%emt 00:07:25]} Rd8 {[%clk
00:53:27]} {[%emt 00:01:10]} 32. Nc4 {[%clk 00:21:24]} {[%emt 00:01:17]} Rd7
{[%clk 00:52:04]} {[%emt 00:01:53]} 33. Re6 {[%clk 00:21:11]} {[%emt 00:00:43]}
Rd5 {[%clk 00:51:14]} {[%emt 00:01:20]} 34. Rxc6 {[%clk 00:20:28]} {[%emt
00:01:13]} Kg5 {[%clk 00:51:11]} {[%emt 00:00:30]} 35. h4+ {[%clk 00:18:13]}
{[%emt 00:02:48]} Kg6 {[%clk 00:51:15]} {[%emt 00:00:25]} 36. Rc7 {[%clk
00:18:14]} {[%emt 00:00:30]} b5 {[%clk 00:50:10]} {[%emt 00:01:36]} 37. Na5
{[%clk 00:18:27]} {[%emt 00:00:17]} Rd7 {[%clk 00:50:12]} {[%emt 00:00:27]} 38.
Rxd7 {[%clk 00:18:44]} {[%emt 00:00:13]} Nxd7 {[%clk 00:50:37]} {[%emt
00:00:05]} 39. Nc6 {[%clk 00:18:44]} {[%emt 00:00:30]} a6 {[%clk 00:50:53]}
{[%emt 00:00:14]} 40. Kf2 {[%clk 00:18:51]} {[%emt 00:00:23]} Kf5 {[%clk
00:50:46]} {[%emt 00:00:37]} 41. Ke3 {[%clk 00:18:44]} {[%emt 00:00:37]} Nb6
{[%clk 00:50:15]} {[%emt 00:01:02]} 42. g3 {[%clk 00:18:12]} {[%emt 00:01:01]}
Na4 {[%clk 00:50:02]} {[%emt 00:00:43]} 43. b3 {[%clk 00:17:15]} {[%emt
00:01:27]} Nc3 {[%clk 00:50:08]} {[%emt 00:00:24]} 44. Nd4+ {[%clk 00:15:39]}
{[%emt 00:02:06]} Ke5 {[%clk 00:50:21]} {[%emt 00:00:17]} 45. Ne2 {[%clk
00:13:47]} {[%emt 00:02:22]} Nxe2 {[%clk 00:49:29]} {[%emt 00:01:22]} 46. Kxe2
{[%clk 00:14:13]} {[%emt 00:00:05]} Kd4 {[%clk 00:49:51]} {[%emt 00:00:07]} 47.
Kd2 {[%clk 00:14:32]} {[%emt 00:00:11]} a5 {[%clk 00:50:07]} {[%emt 00:00:15]}
48. c3+ {[%clk 00:14:37]} {[%emt 00:00:24]} Kd5 {[%clk 00:50:12]} {[%emt
00:00:24]} 49. Ke3 {[%clk 00:14:51]} {[%emt 00:00:17]} Ke5 {[%clk 00:50:14]}
{[%emt 00:00:28]} 50. b4 {[%clk 00:14:38]} {[%emt 00:00:44]} a4 {[%clk
00:50:30]} {[%emt 00:00:14]} 51. Ke2 {[%clk 00:14:47]} {[%emt 00:00:21]} Kd5
{[%clk 00:50:40]} {[%emt 00:00:20]} 52. Kf2 {[%clk 00:15:11]} {[%emt 00:00:06]}
Kd6 {[%clk 00:50:26]} {[%emt 00:00:44]} 53. Ke2 {[%clk 00:14:35]} {[%emt
00:01:05]} Ke6 {[%clk 00:50:46]} {[%emt 00:00:10]} 54. c4 {[%clk 00:14:37]}
{[%emt 00:00:29]} bxc4 {[%clk 00:50:59]} {[%emt 00:00:16]} 55. dxc4 {[%clk
00:15:02]} {[%emt 00:00:05]} Kd6 {[%clk 00:51:21]} {[%emt 00:00:08]} 56. Kd3
{[%clk 00:15:26]} {[%emt 00:00:06]} Kc6 {[%clk 00:51:40]} {[%emt 00:00:11]} 57.
Ke4 {[%clk 00:15:46]} {[%emt 00:00:10]} Kd6 {[%clk 00:51:57]} {[%emt 00:00:13]}
58. Kf4 {[%clk 00:16:02]} {[%emt 00:00:13]} Ke6 {[%clk 00:52:16]} {[%emt
00:00:12]} 59. Kg5 {[%clk 00:15:53]} {[%emt 00:00:40]} Ke5 {[%clk 00:52:39]}
{[%emt 00:00:06]} 60. Kxh5 {[%clk 00:15:14]} {[%emt 00:01:08]} Kd4 {[%clk
00:52:55]} {[%emt 00:00:16]} 61. b5 {[%clk 00:15:41]} {[%emt 00:00:03]} Kc5
{[%clk 00:53:09]} {[%emt 00:00:16]} 62. Kxg4 {[%clk 00:16:05]} {[%emt
00:00:05]} Kxc4 {[%clk 00:53:32]} {[%emt 00:00:08]} 63. b6 {[%clk 00:16:31]}
{[%emt 00:00:04]} Kb3 {[%clk 00:53:48]} {[%emt 00:00:13]} 64. b7 {[%clk
00:16:55]} {[%emt 00:00:07]} Kxa3 {[%clk 00:54:14]} {[%emt 00:00:03]} 65. b8=Q
{[%emt 00:00:11]} Ka2 {[%clk 00:54:38]} {[%emt 00:00:05]} 66. Qa8 {[%clk
00:17:29]} {[%emt 00:00:17]} a3 {[%clk 00:54:59]} {[%emt 00:00:08]} 67. Qxa3+
{[%clk 00:17:52]} {[%emt 00:00:07]} Kxa3 {[%clk 00:55:25]} {[%emt 00:00:04]}
68. h5 {[%clk 00:18:16]} {[%emt 00:00:06]} Kb4 {[%clk 00:55:51]} {[%emt
00:00:04]} 69. h6 {[%clk 00:18:42]} {[%emt 00:00:04]} Kc5 {[%clk 00:56:17]}
{[%emt 00:00:04]} 70. h7 {[%clk 00:19:08]} {[%emt 00:00:04]} Kd5 {[%clk
00:56:39]} {[%emt 00:00:09]} 71. h8=Q {[%clk 00:19:34]} {[%emt 00:00:04]} Kc5
{[%clk 00:56:54]} {[%emt 00:00:14]} 1-0